[Event "Grand Swiss "]
[Date "2025.09.11"]
[White "Aronian, Levon"]
[Black "Puranik, Abhimanyu"]
[WhiteElo "2744"]
[BlackElo "2640"]
[Round "7.7.12"]
[Result "1/2-1/2"]

1. d4 {[%clk 01:40:09] [%emt 00:00:50]} d5 {[%clk 01:40:25] [%emt 00:00:35]} 2.
c4 {[%clk 01:40:34] [%emt 00:00:06]} e6 {[%clk 01:40:51] [%emt 00:00:04]} 3. Nc3
{[%clk 01:41:00] [%emt 00:00:04]} c5 {[%clk 01:40:36] [%emt 00:00:45]} 4. e3
{[%clk 01:40:49] [%emt 00:00:41]} Nf6 {[%clk 01:40:52] [%emt 00:00:14]} 5. Nf3
{[%clk 01:41:14] [%emt 00:00:05]} Nc6 {[%clk 01:41:16] [%emt 00:00:06]} 6. a3
{[%clk 01:41:31] [%emt 00:00:13]} h6 {[%clk 01:41:17] [%emt 00:00:29]} 7. dxc5
{[%clk 01:38:27] [%emt 00:03:34]} Bxc5 {[%clk 01:41:31] [%emt 00:00:16]} 8. b4
{[%clk 01:38:52] [%emt 00:00:05]} Bd6 {[%clk 01:41:43] [%emt 00:00:18]} 9. Bb2
{[%clk 01:35:48] [%emt 00:03:33]} O-O {[%clk 01:41:28] [%emt 00:00:45]} 10. cxd5
{[%clk 01:32:10] [%emt 00:04:08]} exd5 {[%clk 01:41:52] [%emt 00:00:06]} 11. Nb5
{[%clk 01:32:21] [%emt 00:00:18]} Be7 {[%clk 01:36:29] [%emt 00:05:53]} 12. Nbd4
{[%clk 01:27:27] [%emt 00:05:25]} Ne4 {[%clk 01:35:13] [%emt 00:01:46]} 13. Be2
{[%clk 01:24:57] [%emt 00:03:00]} a5 {[%clk 01:31:40] [%emt 00:04:03]} 14. b5
{[%clk 01:19:45] [%emt 00:05:42]} Nxd4 {[%clk 01:29:48] [%emt 00:02:22]} 15.
Nxd4 {[%clk 01:20:03] [%emt 00:00:12]} a4 {[%clk 01:24:39] [%emt 00:05:40]} 16.
O-O {[%clk 01:17:49] [%emt 00:02:44]} Bd6 {[%clk 01:18:09] [%emt 00:07:00]} 17.
Bd3 {[%clk 01:15:40] [%emt 00:02:38]} Re8 {[%clk 01:13:06] [%emt 00:05:32]} 18.
Bc2 {[%clk 01:12:48] [%emt 00:03:23]} Qf6 {[%clk 01:03:39] [%emt 00:09:56]} 19.
Ra2 {[%clk 00:54:38] [%emt 00:18:41]} Qg6 {[%clk 00:57:22] [%emt 00:06:47]} 20.
Qe2 {[%clk 00:53:45] [%emt 00:01:23]} Qg5 {[%clk 00:47:24] [%emt 00:10:28]} 21.
Ba1 {[%clk 00:43:09] [%emt 00:11:07]} Bd7 {[%clk 00:42:43] [%emt 00:05:10]} 22.
Rd1 {[%clk 00:40:48] [%emt 00:02:51]} Qe5 {[%clk 00:34:13] [%emt 00:08:57]} 23.
g3 {[%clk 00:31:12] [%emt 00:10:09]} Qg5 {[%clk 00:34:11] [%emt 00:00:30]} 24.
Qf1 {[%clk 00:20:17] [%emt 00:11:27]} Qe7 {[%clk 00:19:01] [%emt 00:15:40]} 25.
Qd3 {[%clk 00:17:28] [%emt 00:03:19]} Rac8 {[%clk 00:17:17] [%emt 00:02:13]} 26.
Bb1 {[%clk 00:14:22] [%emt 00:03:36]} Be5 {[%clk 00:15:12] [%emt 00:02:35]} 27.
f3 {[%clk 00:12:53] [%emt 00:01:59]} Nf6 {[%clk 00:13:55] [%emt 00:01:47]} 28.
Rc2 {[%clk 00:12:18] [%emt 00:01:06]} Rc4 {[%clk 00:11:32] [%emt 00:02:49]} 29.
Rxc4 {[%clk 00:02:54] [%emt 00:09:58]} dxc4 {[%clk 00:11:57] [%emt 00:00:04]}
30. Qxc4 {[%clk 00:03:20] [%emt 00:00:04]} Qxa3 {[%clk 00:11:32] [%emt
00:00:55]} 31. Nc2 {[%clk 00:03:44] [%emt 00:00:05]} Qe7 {[%clk 00:10:00] [%emt
00:02:00]} 32. Bxe5 {[%clk 00:02:04] [%emt 00:02:13]} Qxe5 {[%clk 00:10:25]
[%emt 00:00:05]} 33. Qxa4 {[%clk 00:02:30] [%emt 00:00:05]} Bxb5 {[%clk
00:09:49] [%emt 00:01:07]} 34. Qa5 {[%clk 00:02:06] [%emt 00:00:53]} b6 {[%clk
00:06:06] [%emt 00:04:13]} 35. Qxb6 {[%clk 00:01:54] [%emt 00:00:42]} Be2 {[%clk
00:06:31] [%emt 00:00:04]} 36. Rd8 {[%clk 00:02:21] [%emt 00:00:04]} Bxf3 {[%clk
00:06:42] [%emt 00:00:19]} 37. Ne1 {[%clk 00:01:48] [%emt 00:01:02]} Ba8 {[%clk
00:05:37] [%emt 00:01:33]} 38. Qd4 {[%clk 00:01:42] [%emt 00:00:39]} Qe7 {[%clk
00:05:02] [%emt 00:01:02]} 39. Rxe8+ {[%clk 00:02:07] [%emt 00:00:09]} Nxe8
{[%clk 00:04:41] [%emt 00:00:50]} 40. Bd3 {[%clk 00:01:51] [%emt 00:00:46]} g6
{[%clk 00:02:38] [%emt 00:02:33]} 41. Bf1 {[%clk 00:00:32] [%emt 00:01:48]} Nd6
{[%clk 00:00:34] [%emt 00:02:34]} 42. Bg2 {[%clk 00:50:29] [%emt 00:00:34]} Bxg2
{[%clk 00:47:32] [%emt 00:03:33]} 43. Nxg2 {[%clk 00:50:25] [%emt 00:00:34]} g5
{[%clk 00:47:59] [%emt 00:00:02]} 44. Qd3 {[%clk 00:48:44] [%emt 00:02:11]} Qe6
{[%clk 00:46:28] [%emt 00:02:01]} 45. Ne1 {[%clk 00:48:45] [%emt 00:00:28]} Ne4
{[%clk 00:46:01] [%emt 00:00:58]} 46. Nf3 {[%clk 00:48:34] [%emt 00:00:41]} Qf5
{[%clk 00:45:37] [%emt 00:00:48]} 47. Qf1 {[%clk 00:47:41] [%emt 00:01:30]} Nf6
{[%clk 00:33:47] [%emt 00:12:20]} 48. Nd2 {[%clk 00:44:12] [%emt 00:03:58]} Qe5
{[%clk 00:33:56] [%emt 00:00:21]} 49. Qf3 {[%clk 00:42:24] [%emt 00:02:19]} Qc3
{[%clk 00:33:52] [%emt 00:00:32]} 50. Nf1 {[%clk 00:42:37] [%emt 00:00:20]} Nd7
{[%clk 00:29:37] [%emt 00:04:42]} 51. Qe4 {[%clk 00:40:47] [%emt 00:02:22]} Ne5
{[%clk 00:29:31] [%emt 00:00:37]} 52. h3 {[%clk 00:40:58] [%emt 00:00:18]} Qc7
{[%clk 00:24:49] [%emt 00:05:09]} 53. Kg2 {[%clk 00:40:28] [%emt 00:01:02]} Qd6
{[%clk 00:24:30] [%emt 00:00:50]} 54. Qa8+ {[%clk 00:38:34] [%emt 00:02:24]} Kg7
{[%clk 00:24:55] [%emt 00:00:05]} 55. Qe4 {[%clk 00:38:59] [%emt 00:00:05]} h5
{[%clk 00:24:27] [%emt 00:00:58]} 56. h4 {[%clk 00:35:58] [%emt 00:03:31]} g4
{[%clk 00:23:35] [%emt 00:01:22]} 57. Qd4 {[%clk 00:30:01] [%emt 00:06:27]} Qc6+
{[%clk 00:21:59] [%emt 00:02:05]} 58. e4 {[%clk 00:30:26] [%emt 00:00:06]} Qb5
{[%clk 00:16:28] [%emt 00:06:01]} 59. Kf2 {[%clk 00:28:31] [%emt 00:02:25]} Kg6
{[%clk 00:13:48] [%emt 00:03:08]} 60. Ne3 {[%clk 00:25:46] [%emt 00:03:18]} Qc5
{[%clk 00:09:08] [%emt 00:05:08]} 61. Qd8 {[%clk 00:20:13] [%emt 00:06:04]} Nf3
{[%clk 00:07:21] [%emt 00:02:16]} 62. Qg8+ {[%clk 00:18:57] [%emt 00:01:48]} Kf6
{[%clk 00:07:49] [%emt 00:00:02]} 63. Qh8+ {[%clk 00:19:04] [%emt 00:00:23]} Ke7
{[%clk 00:08:13] [%emt 00:00:06]} 64. Qb2 {[%clk 00:18:52] [%emt 00:00:42]} Ne5
{[%clk 00:07:04] [%emt 00:01:39]} 65. Kg2 {[%clk 00:18:50] [%emt 00:00:33]} Qxe3
{[%clk 00:06:37] [%emt 00:00:57]} 66. Qxe5+ {[%clk 00:19:15] [%emt 00:00:05]}
Kf8 {[%clk 00:07:02] [%emt 00:00:03]} 67. Qh8+ {[%clk 00:19:40] [%emt 00:00:06]}
Ke7 {[%clk 00:07:31] [%emt 00:00:02]} 68. Qe5+ {[%clk 00:20:04] [%emt 00:00:05]}
Kf8 {[%clk 00:08:00] [%emt 00:00:02]} 1/2-1/2

[Site "Europe Echecs"]

[Event "Grand Swiss "]
[Date "2025.09.11"]
[White "Mamedov, Rauf"]
[Black "Nepomniachtchi, Ian"]
[WhiteElo "2651"]
[BlackElo "2742"]
[Round "7.7.13"]
[Result "0-1"]

1. e4 {[%clk 01:40:55] [%emt 00:00:05]} e5 {[%clk 01:40:48] [%emt 00:00:12]} 2.
Nf3 {[%clk 01:41:06] [%emt 00:00:19]} Nc6 {[%clk 01:41:11] [%emt 00:00:07]} 3.
Bc4 {[%clk 01:39:53] [%emt 00:01:43]} Nf6 {[%clk 01:38:42] [%emt 00:02:59]} 4.
d3 {[%clk 01:39:51] [%emt 00:00:33]} Bc5 {[%clk 01:38:43] [%emt 00:00:29]} 5.
Nc3 {[%clk 01:40:10] [%emt 00:00:11]} d6 {[%clk 01:38:59] [%emt 00:00:13]} 6.
Na4 {[%clk 01:36:56] [%emt 00:03:44]} Bb6 {[%clk 01:39:06] [%emt 00:00:23]} 7.
a3 {[%clk 01:36:13] [%emt 00:01:14]} h6 {[%clk 01:39:27] [%emt 00:00:08]} 8. h3
{[%clk 01:34:31] [%emt 00:02:13]} O-O {[%clk 01:38:58] [%emt 00:00:59]} 9. O-O
{[%clk 01:32:53] [%emt 00:02:09]} Re8 {[%clk 01:39:05] [%emt 00:00:22]} 10. b4
{[%clk 01:29:28] [%emt 00:03:56]} a6 {[%clk 01:38:59] [%emt 00:00:35]} 11. Nxb6
{[%clk 01:27:27] [%emt 00:02:31]} cxb6 {[%clk 01:39:27] [%emt 00:00:01]} 12. Bb2
{[%clk 01:27:47] [%emt 00:00:11]} b5 {[%clk 01:39:14] [%emt 00:00:41]} 13. Bb3
{[%clk 01:25:37] [%emt 00:02:41]} Be6 {[%clk 01:39:38] [%emt 00:00:06]} 14. Bxe6
{[%clk 01:26:03] [%emt 00:00:04]} Rxe6 {[%clk 01:39:58] [%emt 00:00:10]} 15. Re1
{[%clk 01:26:29] [%emt 00:00:04]} Rc8 {[%clk 01:33:41] [%emt 00:06:48]} 16. c4
{[%clk 01:09:16] [%emt 00:17:44]} bxc4 {[%clk 01:31:57] [%emt 00:02:14]} 17.
dxc4 {[%clk 01:07:02] [%emt 00:02:44]} Ne7 {[%clk 01:32:20] [%emt 00:00:06]} 18.
Rc1 {[%clk 01:03:48] [%emt 00:03:44]} Ng6 {[%clk 01:31:21] [%emt 00:01:28]} 19.
c5 {[%clk 00:44:42] [%emt 00:19:37]} Rc6 {[%clk 01:29:19] [%emt 00:02:32]} 20.
g3 {[%clk 00:35:35] [%emt 00:09:38]} Qd7 {[%clk 01:27:13] [%emt 00:02:36]} 21.
h4 {[%clk 00:24:55] [%emt 00:11:10]} dxc5 {[%clk 01:24:27] [%emt 00:03:16]} 22.
Qxd7 {[%clk 00:24:41] [%emt 00:00:44]} Nxd7 {[%clk 01:24:43] [%emt 00:00:14]}
23. Red1 {[%clk 00:24:54] [%emt 00:00:17]} Rc7 {[%clk 01:06:43] [%emt 00:18:29]}
24. bxc5 {[%clk 00:24:47] [%emt 00:00:38]} f6 {[%clk 01:04:37] [%emt 00:02:35]}
25. c6 {[%clk 00:15:15] [%emt 00:10:02]} Rexc6 {[%clk 01:01:55] [%emt 00:03:12]}
26. Rxc6 {[%clk 00:15:21] [%emt 00:00:24]} bxc6 {[%clk 01:02:22] [%emt
00:00:02]} 27. Bc3 {[%clk 00:15:46] [%emt 00:00:06]} Ne7 {[%clk 00:49:58] [%emt
00:12:54]} 28. Bb4 {[%clk 00:12:50] [%emt 00:03:26]} Kf7 {[%clk 00:47:32] [%emt
00:02:56]} 29. Nd2 {[%clk 00:13:05] [%emt 00:00:15]} c5 {[%clk 00:41:23] [%emt
00:06:39]} 30. Ba5 {[%clk 00:13:20] [%emt 00:00:16]} Rc6 {[%clk 00:41:38] [%emt
00:00:14]} 31. Nc4 {[%clk 00:13:45] [%emt 00:00:05]} Ke6 {[%clk 00:40:32] [%emt
00:01:35]} 32. h5 {[%clk 00:09:29] [%emt 00:04:47]} Nc8 {[%clk 00:36:33] [%emt
00:04:29]} 33. f4 {[%clk 00:09:46] [%emt 00:00:13]} Ndb6 {[%clk 00:36:28] [%emt
00:00:36]} 34. f5+ {[%clk 00:08:39] [%emt 00:01:38]} Ke7 {[%clk 00:34:04] [%emt
00:02:53]} 35. Ne3 {[%clk 00:07:53] [%emt 00:01:17]} Rd6 {[%clk 00:29:39] [%emt
00:04:55]} 36. Rc1 {[%clk 00:04:37] [%emt 00:03:46]} Rd3 {[%clk 00:28:48] [%emt
00:01:20]} 37. Kf2 {[%clk 00:05:01] [%emt 00:00:06]} Na4 {[%clk 00:24:31] [%emt
00:04:46]} 38. Ke2 {[%clk 00:00:55] [%emt 00:04:36]} Rxa3 {[%clk 00:21:45] [%emt
00:03:16]} 39. Rb1 {[%clk 00:01:05] [%emt 00:00:20]} Nd6 {[%clk 00:21:11] [%emt
00:01:04]} 40. Nd5+ {[%clk 00:01:31] [%emt 00:00:04]} Kd7 {[%clk 00:20:05] [%emt
00:01:36]} 41. Rb8 {[%clk 00:50:21] [%emt 00:01:40]} Nxe4 {[%clk 01:07:11] [%emt
00:03:25]} 42. g4 {[%clk 00:50:26] [%emt 00:00:25]} Kc6 {[%clk 01:06:05] [%emt
00:01:35]} 43. Ne7+ {[%clk 00:49:11] [%emt 00:01:46]} Kd6 {[%clk 01:06:33] [%emt
00:00:02]} 44. Rb7 {[%clk 00:48:06] [%emt 00:01:34]} Nac3+ {[%clk 01:06:36]
[%emt 00:00:28]} 45. Bxc3 {[%clk 00:48:13] [%emt 00:00:23]} Nxc3+ {[%clk
01:07:04] [%emt 00:00:02]} 0-1

[Site "Europe Echecs"]

[Event "Grand Swiss "]
[Date "2025.09.11"]
[White "Mendonca, Leon Luke"]
[Black "Yu, Yangyi"]
[WhiteElo "2615"]
[BlackElo "2714"]
[Round "7.7.14"]
[Result "0-1"]

1. c4 {[%clk 01:40:45] [%emt 00:00:15]} e5 {[%clk 01:40:11] [%emt 00:00:49]} 2.
Nc3 {[%clk 01:40:48] [%emt 00:00:26]} Nf6 {[%clk 01:40:24] [%emt 00:00:17]} 3.
Nf3 {[%clk 01:40:51] [%emt 00:00:27]} Nc6 {[%clk 01:40:46] [%emt 00:00:09]} 4.
g3 {[%clk 01:40:32] [%emt 00:00:48]} d5 {[%clk 01:36:42] [%emt 00:04:35]} 5.
cxd5 {[%clk 01:40:53] [%emt 00:00:10]} Nxd5 {[%clk 01:37:07] [%emt 00:00:05]} 6.
Bg2 {[%clk 01:41:15] [%emt 00:00:07]} Nb6 {[%clk 01:25:43] [%emt 00:11:53]} 7.
O-O {[%clk 01:40:45] [%emt 00:01:01]} Be7 {[%clk 01:23:38] [%emt 00:02:35]} 8.
a3 {[%clk 01:36:30] [%emt 00:04:45]} O-O {[%clk 01:16:46] [%emt 00:07:20]} 9. b4
{[%clk 01:36:53] [%emt 00:00:09]} Re8 {[%clk 01:17:00] [%emt 00:00:15]} 10. d3
{[%clk 01:24:09] [%emt 00:13:14]} Bf8 {[%clk 01:06:54] [%emt 00:10:37]} 11. Bb2
{[%clk 01:23:06] [%emt 00:01:33]} a5 {[%clk 01:00:32] [%emt 00:06:52]} 12. b5
{[%clk 01:23:23] [%emt 00:00:13]} Nd4 {[%clk 01:00:52] [%emt 00:00:10]} 13. e3
{[%clk 01:11:24] [%emt 00:12:28]} Nxf3+ {[%clk 00:59:13] [%emt 00:02:10]} 14.
Bxf3 {[%clk 01:11:44] [%emt 00:00:09]} Rb8 {[%clk 00:54:44] [%emt 00:05:01]} 15.
Qc2 {[%clk 01:08:49] [%emt 00:03:24]} Bf5 {[%clk 00:49:06] [%emt 00:06:07]} 16.
Rfd1 {[%clk 01:08:50] [%emt 00:00:29]} Nc4 {[%clk 00:45:46] [%emt 00:03:50]} 17.
Bc1 {[%clk 00:58:33] [%emt 00:10:48]} Nb6 {[%clk 00:44:34] [%emt 00:01:41]} 18.
Bb2 {[%clk 00:43:06] [%emt 00:15:58]} Nc4 {[%clk 00:44:54] [%emt 00:00:08]} 19.
Bc1 {[%clk 00:37:39] [%emt 00:05:58]} Nb6 {[%clk 00:45:16] [%emt 00:00:07]} 20.
a4 {[%clk 00:37:21] [%emt 00:00:49]} h6 {[%clk 00:39:52] [%emt 00:05:54]} 21.
Ba3 {[%clk 00:35:49] [%emt 00:02:03]} Bxa3 {[%clk 00:36:45] [%emt 00:03:36]} 22.
Rxa3 {[%clk 00:36:17] [%emt 00:00:01]} Qe7 {[%clk 00:36:48] [%emt 00:00:26]} 23.
Qc1 {[%clk 00:27:03] [%emt 00:09:45]} Red8 {[%clk 00:34:08] [%emt 00:03:09]} 24.
Ne4 {[%clk 00:27:25] [%emt 00:00:09]} Nd5 {[%clk 00:30:39] [%emt 00:03:58]} 25.
Nc5 {[%clk 00:25:43] [%emt 00:02:13]} Bg6 {[%clk 00:27:07] [%emt 00:04:03]} 26.
Ra1 {[%clk 00:19:23] [%emt 00:06:50]} c6 {[%clk 00:20:42] [%emt 00:06:54]} 27.
bxc6 {[%clk 00:14:08] [%emt 00:05:45]} bxc6 {[%clk 00:19:18] [%emt 00:01:54]}
28. d4 {[%clk 00:14:27] [%emt 00:00:11]} Nb4 {[%clk 00:17:50] [%emt 00:01:59]}
29. Qc3 {[%clk 00:13:52] [%emt 00:01:05]} Nc2 {[%clk 00:13:15] [%emt 00:05:05]}
30. Rac1 {[%clk 00:12:45] [%emt 00:01:37]} exd4 {[%clk 00:13:38] [%emt
00:00:08]} 31. exd4 {[%clk 00:13:10] [%emt 00:00:05]} Qf6 {[%clk 00:13:51] [%emt
00:00:17]} 32. Ne4 {[%clk 00:01:20] [%emt 00:12:21]} Bxe4 {[%clk 00:14:15] [%emt
00:00:06]} 33. Bxe4 {[%clk 00:01:50]} Nxd4 {[%clk 00:14:38] [%emt 00:00:06]} 34.
Kg2 {[%clk 00:01:28] [%emt 00:00:52]} Rb4 {[%clk 00:11:53] [%emt 00:03:14]} 35.
Rd2 {[%clk 00:00:32] [%emt 00:01:26]} Re8 {[%clk 00:11:45] [%emt 00:00:38]} 36.
Re1 {[%clk 00:00:33] [%emt 00:00:29]} g6 {[%clk 00:11:19] [%emt 00:00:56]} 37.
Re3 {[%clk 00:00:32] [%emt 00:00:31]} Kg7 {[%clk 00:11:33] [%emt 00:00:16]} 38.
f3 {[%clk 00:00:32] [%emt 00:00:30]} Rb3 {[%clk 00:10:42] [%emt 00:01:21]} 39.
Qxb3 {[%clk 00:00:33] [%emt 00:00:29]} Nxb3 {[%clk 00:11:08] [%emt 00:00:05]}
40. Rxb3 {[%clk 00:01:00] [%emt 00:00:04]} Qa1 {[%clk 00:09:12] [%emt 00:02:25]}
41. Rb7 {[%clk 00:41:17] [%emt 00:10:13]} Qxa4 {[%clk 00:58:48] [%emt 00:00:54]}
42. Rdd7 {[%clk 00:41:30] [%emt 00:00:18]} Qa2+ {[%clk 00:57:36] [%emt
00:01:41]} 43. Kh3 {[%clk 00:41:53] [%emt 00:00:07]} Re5 {[%clk 00:56:31] [%emt
00:01:35]} 44. g4 {[%clk 00:39:14] [%emt 00:03:09]} h5 {[%clk 00:49:34] [%emt
00:07:26]} 45. Bd5 {[%clk 00:38:17] [%emt 00:01:28]} hxg4+ {[%clk 00:49:54]
[%emt 00:00:11]} 46. Kg3 {[%clk 00:38:40] [%emt 00:00:06]} Rxd5 {[%clk 00:48:17]
[%emt 00:02:07]} 47. Rxf7+ {[%clk 00:39:04] [%emt 00:00:06]} Kh6 {[%clk
00:48:11] [%emt 00:00:36]} 48. Rbe7 {[%clk 00:29:37] [%emt 00:09:57]} Rf5 {[%clk
00:46:09] [%emt 00:02:31]} 0-1

[Site "Europe Echecs"]

[Event "Grand Swiss "]
[Date "2025.09.11"]
[White "Rapport, Richard"]
[Black "Cheparinov, Ivan"]
[WhiteElo "2711"]
[BlackElo "2627"]
[Round "7.7.15"]
[Result "1-0"]

1. c4 {[%clk 01:40:22] [%emt 00:00:37]} e5 {[%clk 01:40:54] [%emt 00:00:06]} 2.
Nc3 {[%clk 01:40:35] [%emt 00:00:17]} Bb4 {[%clk 01:41:01] [%emt 00:00:23]} 3.
Qc2 {[%clk 01:38:49] [%emt 00:02:17]} d6 {[%clk 01:37:30] [%emt 00:04:01]} 4. e3
{[%clk 01:38:47] [%emt 00:00:31]} Bxc3 {[%clk 01:35:16] [%emt 00:02:45]} 5. Qxc3
{[%clk 01:38:31] [%emt 00:00:45]} Nf6 {[%clk 01:35:31] [%emt 00:00:16]} 6. d3
{[%clk 01:37:05] [%emt 00:01:56]} c5 {[%clk 01:33:34] [%emt 00:02:27]} 7. Be2
{[%clk 01:20:55] [%emt 00:16:40]} Nc6 {[%clk 01:30:03] [%emt 00:04:00]} 8. Nf3
{[%clk 01:21:02] [%emt 00:00:23]} O-O {[%clk 01:30:13] [%emt 00:00:20]} 9. h3
{[%clk 01:16:53] [%emt 00:04:39]} Re8 {[%clk 01:21:36] [%emt 00:09:07]} 10. O-O
{[%clk 01:09:54] [%emt 00:07:29]} e4 {[%clk 01:20:05] [%emt 00:02:02]} 11. Nd2
{[%clk 00:49:25] [%emt 00:20:58]} exd3 {[%clk 01:09:41] [%emt 00:10:54]} 12.
Qxd3 {[%clk 00:47:22] [%emt 00:02:33]} d5 {[%clk 01:07:09] [%emt 00:03:02]} 13.
cxd5 {[%clk 00:47:21] [%emt 00:00:31]} Nxd5 {[%clk 01:05:42] [%emt 00:01:57]}
14. Nf3 {[%clk 00:45:21] [%emt 00:02:30]} Be6 {[%clk 01:01:38] [%emt 00:04:35]}
15. a3 {[%clk 00:42:27] [%emt 00:03:24]} Nf6 {[%clk 00:45:21] [%emt 00:16:46]}
16. Qb5 {[%clk 00:38:08] [%emt 00:04:50]} Qe7 {[%clk 00:45:11] [%emt 00:00:40]}
17. Bd2 {[%clk 00:38:23] [%emt 00:00:15]} a6 {[%clk 00:42:20] [%emt 00:03:21]}
18. Qa4 {[%clk 00:38:20] [%emt 00:00:33]} b5 {[%clk 00:39:00] [%emt 00:03:50]}
19. Qh4 {[%clk 00:33:16] [%emt 00:05:34]} Bb3 {[%clk 00:37:02] [%emt 00:02:28]}
20. Rfc1 {[%clk 00:32:34] [%emt 00:01:11]} Ne4 {[%clk 00:36:00] [%emt 00:01:33]}
21. Qxe7 {[%clk 00:32:29] [%emt 00:00:36]} Nxe7 {[%clk 00:26:54] [%emt
00:09:35]} 22. Ba5 {[%clk 00:31:18] [%emt 00:01:40]} Nc6 {[%clk 00:25:42] [%emt
00:01:42]} 23. Bb6 {[%clk 00:29:06] [%emt 00:02:42]} c4 {[%clk 00:26:01] [%emt
00:00:11]} 24. a4 {[%clk 00:29:19] [%emt 00:00:17]} Rab8 {[%clk 00:24:28] [%emt
00:02:03]} 25. a5 {[%clk 00:28:26] [%emt 00:01:24]} h6 {[%clk 00:22:33] [%emt
00:02:24]} 26. g4 {[%clk 00:26:17] [%emt 00:02:38]} Rb7 {[%clk 00:18:12] [%emt
00:04:51]} 27. Ra3 {[%clk 00:22:41] [%emt 00:04:06]} Re6 {[%clk 00:17:25] [%emt
00:01:17]} 28. Rxb3 {[%clk 00:21:13] [%emt 00:01:59]} cxb3 {[%clk 00:17:51]
[%emt 00:00:05]} 29. Bd3 {[%clk 00:21:30] [%emt 00:00:11]} Nf6 {[%clk 00:11:54]
[%emt 00:06:28]} 30. Bf5 {[%clk 00:19:44] [%emt 00:02:16]} Rd6 {[%clk 00:12:22]
[%emt 00:00:01]} 31. Bc8 {[%clk 00:09:47] [%emt 00:10:27]} Rb8 {[%clk 00:10:28]
[%emt 00:02:25]} 32. Bc7 {[%clk 00:09:57] [%emt 00:00:20]} Rxc8 {[%clk 00:05:49]
[%emt 00:05:09]} 33. Bxd6 {[%clk 00:10:10] [%emt 00:00:16]} Ne4 {[%clk 00:06:17]
[%emt 00:00:02]} 34. Bb4 {[%clk 00:10:05] [%emt 00:00:35]} Ne7 {[%clk 00:02:35]
[%emt 00:04:13]} 35. Rxc8+ {[%clk 00:10:15] [%emt 00:00:20]} Nxc8 {[%clk
00:03:02] [%emt 00:00:02]} 36. Nd4 {[%clk 00:10:37] [%emt 00:00:08]} Ned6 {[%clk
00:02:30] [%emt 00:01:03]} 37. Nxb3 {[%clk 00:09:25] [%emt 00:01:42]} Nc4 {[%clk
00:02:58] [%emt 00:00:01]} 38. Nc5 {[%clk 00:04:39] [%emt 00:05:16]} Na7 {[%clk
00:02:43] [%emt 00:00:45]} 39. Nxa6 {[%clk 00:01:03] [%emt 00:04:06]} Nc6 {[%clk
00:03:09] [%emt 00:00:05]} 40. Bc3 {[%clk 00:01:14] [%emt 00:00:19]} N4xa5
{[%clk 00:03:33] [%emt 00:00:05]} 41. Kf1 {[%clk 00:45:14] [%emt 00:06:29]} Nc4
{[%clk 00:53:19] [%emt 00:00:44]} 42. b3 {[%clk 00:41:05] [%emt 00:04:40]} Nd6
{[%clk 00:53:04] [%emt 00:00:45]} 43. Ke2 {[%clk 00:40:40] [%emt 00:00:55]} Ne4
{[%clk 00:50:31] [%emt 00:03:02]} 44. Be1 {[%clk 00:40:42] [%emt 00:00:29]} g6
{[%clk 00:50:28] [%emt 00:00:33]} 45. f3 {[%clk 00:39:02] [%emt 00:02:10]} Ng5
{[%clk 00:50:54] [%emt 00:00:05]} 46. Nc7 {[%clk 00:39:10] [%emt 00:00:22]} Nxh3
{[%clk 00:50:02] [%emt 00:01:22]} 47. Nxb5 {[%clk 00:38:40] [%emt 00:01:00]} Ng5
{[%clk 00:50:19] [%emt 00:00:12]} 48. Nd4 {[%clk 00:32:04] [%emt 00:07:05]}
Nxd4+ {[%clk 00:50:04] [%emt 00:00:46]} 49. exd4 {[%clk 00:32:32] [%emt
00:00:02]} Kf8 {[%clk 00:46:47] [%emt 00:03:47]} 50. Bd2 {[%clk 00:30:30] [%emt
00:02:31]} Ne6 {[%clk 00:46:26] [%emt 00:00:52]} 51. Bxh6+ {[%clk 00:30:20]
[%emt 00:00:40]} Ke7 {[%clk 00:46:53] [%emt 00:00:02]} 52. Kd3 {[%clk 00:30:44]
[%emt 00:00:06]} 1-0

[Site "Europe Echecs"]